Central Library OPAC University of Rajshahi

দ্বিজেন্দ্রলাল প্রহসন / (Record no. 56645)

MARC details
000 -LEADER
fixed length control field 00898nam a2200229 a 4500
001 - CONTROL NUMBER
control field 56645
003 - CONTROL NUMBER IDENTIFIER
rucl marc code BD-RjUL
005 - DATE AND TIME OF LATEST TRANSACTION
control field 20211209080423.0
008 - FIXED-LENGTH DATA ELEMENTS--GENERAL INFORMATION
fixed length control field 161203s1974 ii ||||| |||| 00| 0 ben d
035 ## - SYSTEM CONTROL NUMBER
System control number (BD-RjUL)56769
040 ## - CATALOGING SOURCE
Original cataloging agency BD-RjUL
Language of cataloging ben
Transcribing agency BD-RjUL
041 ## - LANGUAGE CODE
Language code of text/sound track or separate title ben
082 ## - DEWEY DECIMAL CLASSIFICATION NUMBER
Edition number 23
Classification number 891.44092
Author mark and year BHD 1974
100 ## - MAIN ENTRY--PERSONAL NAME
Personal name ভট্রাচার্য, আশুতোষ
9 (RLIN) 123758
245 10 - TITLE STATEMENT
Title দ্বিজেন্দ্রলাল প্রহসন /
Statement of responsibility, etc. আশুতোষ ভট্রাচার্য
250 ## - EDITION STATEMENT
Edition statement ১ম সং .
260 ## - PUBLICATION, DISTRIBUTION, ETC. (IMPRINT)
Place of publication, distribution, etc. কলিকাতা :
Name of publisher, distributor, etc. বিশ্বাস পাবলিশিং,
Date of publication, distribution, etc. ১৯৭৪
300 ## - PHYSICAL DESCRIPTION
Pagination ১৫১ পৃ. ;
Size ২১ সেমি .
600 ## - SUBJECT ADDED ENTRY--PERSONAL NAME
Personal name রায়, দ্বিজেন্দ্রলাল,
General subdivision জীবনী
Personal name Roy, Dijendrolal,
General subdivision Biography
942 ## - ADDED ENTRY ELEMENTS (KOHA)
Source of classification or shelving scheme Dewey Decimal Classification
Koha item type Books
Holdings
Lost status Source of classification or shelving scheme Damaged status Not for loan Collection code Permanent Location Current Location Shelving location Date acquired Source of acquisition Cost, normal purchase price Total Checkouts Full call number Date last seen Copy number Koha item type
  Dewey Decimal Classification   Not For Loan Non-fiction Central Library, University of Rajshahi Central Library, University of Rajshahi Reading Room 11/04/1980 K. P. Bagchi 8.00   B 891.44092 BHD 1974 03/12/2016 C-1 Books
  Dewey Decimal Classification     Non-fiction Central Library, University of Rajshahi Central Library, University of Rajshahi   11/04/1980 K.P.Bagchi and Co. 8.00   B 891.44092 BHD 1974 25/02/2017 C-2 Books